| 000 | 00791nam a22002057a 4500 | ||
|---|---|---|---|
| 999 |
_c7435 _d7435 |
||
| 003 | AR-CdUCM | ||
| 008 | 190320b ||||| |||| 00| 0 spa d | ||
| 040 |
_aMUNICIPALIDAD PROVINCIAL DEL CUSCO _cBIBLIOTECA MUNICIPAL DEL CUSCO |
||
| 082 |
_a149 / _bL26 |
||
| 100 |
_aLabriola, Antonio _920969 |
||
| 245 | _aLa concepción materialista de la historia / | ||
| 260 |
_aHabana : _bCiencias sociales, _c1970. |
||
| 300 |
_a404 páginas ; _c23 cm. |
||
| 505 | _aContenido : Introducción de Eugenio Garin -- Advertencia a la edición italiana de 1965 en memoria del manifiesto comunista -- Acerca del materialismo histórico : Dilucidación preliminar ... | ||
| 650 |
_aMaterialismo _95459 |
||
| 650 |
_aDialéctico _920970 |
||
| 650 |
_aFilosofía _9395 |
||
| 942 |
_2ddc _cLIBROS |
||
| 945 | _arah | ||